|
|
|
|
| LEADER |
00000nam0a2200000 4500 |
| 001 |
108176 |
| 005 |
20240215085206.0 |
| 035 |
|
|
|a (RuTPU)RU\TPU\book\116769
|
| 090 |
|
|
|a 108176
|
| 100 |
|
|
|a 20070116d2006 m y0rusy50 ca
|
| 101 |
0 |
|
|a rus
|
| 102 |
|
|
|a RU
|
| 105 |
|
|
|a a j 001zy
|
| 200 |
1 |
|
|a Внутрилабораторный контроль качества результатов анализа с использованием лабораторной информационной системы
|e учебное пособие
|f А. Г. Терещенко, Н. П. Пикула, Т. В. Толстихина
|g Томский политехнический университет
|
| 210 |
|
|
|a Томск
|c Изд-во ТПУ
|d 2006
|
| 215 |
|
|
|a 210 с.
|c ил.
|
| 320 |
|
|
|a Библиогр.: с. 209-210.
|
| 330 |
|
|
|a В учебном пособии рассмотрены этапы работ по организации внутреннего контроля качества анализов испытательных лабораторий. В нем отражены метрологические вопросы количественного химического анализа. Подробно описан контроль стабильности результатов анализа с использованием карт Шухарта. Впервые затрагивается тема использования лабораторной информационной системы для целей внутрилабораторного контроля. Пособие предназначается для преподавателей и студентов химико-технологических специальностей вузов и колледжей по курсам: аналитическая химия, метрология, химическая технология, а также для сотрудников заводских аналитических лабораторий.
|
| 606 |
1 |
|
|a Лабораторная химия
|2 stltpush
|3 (RuTPU)RU\TPU\subj\70426
|9 84687
|
| 610 |
1 |
|
|a химический анализ
|
| 610 |
1 |
|
|a результаты
|
| 610 |
1 |
|
|a внутрилабораторный контроль
|
| 610 |
1 |
|
|a качество
|
| 610 |
1 |
|
|a лабораторные информационные системы
|
| 610 |
1 |
|
|a карты Шухарта
|
| 610 |
1 |
|
|a учебные пособия
|
| 675 |
|
|
|a 542(075.8)
|v 3
|
| 700 |
|
1 |
|a Терещенко
|b А. Г.
|c химик-технолог
|c заведующий лабораторией Томского политехнического университета, кандидат технических наук
|f 1946-
|g Анатолий Георгиевич
|3 (RuTPU)RU\TPU\pers\25305
|9 11303
|
| 701 |
|
1 |
|a Пикула
|b Н. П.
|c химик
|c доцент Томского политехнического университета, кандидат химических наук
|f 1949-
|g Нина Павловна
|3 (RuTPU)RU\TPU\pers\25622
|9 11551
|
| 701 |
|
1 |
|a Толстихина
|b Т. В.
|c специалист в области информатики и вычислительной техники
|c научный сотрудник Томского политехнического университета
|f 1980-
|g Татьяна Викторовна
|3 (RuTPU)RU\TPU\pers\30310
|9 14656
|
| 712 |
0 |
2 |
|a Томский политехнический университет
|3 (RuTPU)RU\TPU\col\376
|
| 801 |
|
1 |
|a RU
|b 63413507
|c 20070116
|g PSBO
|
| 801 |
|
2 |
|a RU
|b 63413507
|c 20220808
|g PSBO
|
| 942 |
|
|
|c BK
|